|
|
|
|
| LEADER |
00000nam a2200000 i 4500 |
| 001 |
DIGUPERCA0090 |
| 003 |
NyNyDIG |
| 006 |
m o d |
| 007 |
cr ||||||||||| |
| 008 |
200724s2018 pe o o 000 0 spa d |
| 035 |
|
|
|a (OCoLC)1099953100
|
| 040 |
|
|
|a DGITA
|b eng
|e rda
|e pn
|c DGITA
|
| 020 |
|
|
|a 9786123181680
|q eBook
|q pdf
|
| 020 |
|
|
|a 6123181688
|q eBook
|q pdf
|
| 020 |
|
|
|a 9786123181963
|q eBook
|
| 020 |
|
|
|a 6123181963
|q eBook
|
| 020 |
|
|
|z 9786123181956
|
| 020 |
|
|
|z 6123181955
|
| 043 |
|
|
|a s-pe---
|
| 050 |
1 |
4 |
|a TR660.V37 ebook
|
| 082 |
0 |
4 |
|a 778.936
|
| 245 |
0 |
0 |
|a Eliana Vásquez :
|b fotografías /
|c edición fotográfica, Mariana Montalvo ; edición, Diana Félix.
|
| 264 |
|
1 |
|a Lima :
|b Universidad Peruana de Ciencias Aplicadas, Editorial UPC,
|c [2018]
|
| 300 |
|
|
|a 1 online resource. :
|b photographs.
|
| 336 |
|
|
|a text
|b tx
|2 rdacontent
|
| 337 |
|
|
|a computer
|b c
|2 rdamedia
|
| 338 |
|
|
|a online resource
|b cr
|2 rdacarrier
|
| 347 |
|
|
|a text file
|2 rdaft
|
| 347 |
|
|
|b PDF
|
| 347 |
|
|
|b EPUB
|
| 490 |
1 |
|
|a Colección Expresión artística
|
| 588 |
0 |
|
|a Online resource; title from PDF title page (Digitalia, viewed July 28, 2020)
|
| 600 |
1 |
0 |
|a Vásquez, Eliana,
|d 1965-2007.
|
| 650 |
|
0 |
|a Landscape photography
|z Peru.
|
| 650 |
|
0 |
|a Peru
|x Description and travel.
|
| 651 |
|
0 |
|a Peru
|x Pictorial woks.
|
| 655 |
|
0 |
|a Electronic books.
|
| 700 |
1 |
|
|a Montalvo, Mariana,
|e editor.
|
| 700 |
1 |
|
|a Félix, Diana,
|e editor.
|
| 791 |
2 |
|
|a Digitalia (Firm),
|e distributor.
|
| 793 |
0 |
|
|g Digitalia eBook Collection:
|a Universidad Peruana de Ciencias Aplicadas
|
| 776 |
0 |
8 |
|i Print version:
|t Eliana Vázquez.
|d Lima : Universidad Peruana de Ciencias Aplicadas, Editorial UPC, [2018]
|z 9786123181956
|
| 830 |
|
0 |
|a Colección Expresión artística (Editorial UPC)
|
| 856 |
4 |
0 |
|3 Digitalia Hispánica
|u https://www.digitaliapublishing.com/a/59339/
|
| 910 |
|
|
|a Premium collection: 2020
|